Minecraft Pre-Classic - Statistics

General Stats
  • This quiz has been taken 36 times
  • The average score is 7 of 7
Answer Stats
Picture Answer % Correct
Cobblestone
100%
Dirt
100%
Grass Block
100%
Stone
100%
Oak Sapling
96%
Oak Planks
92%
Air
62%
No matching quizzes found
Score Distribution
Percent of People with Each Score
Percentile by Number Answered
Your Score History
You have not taken this quiz